000 00388nam a2200145Ia 4500
008 240111s9999 xx 000 0 und d
020 _a9781305501256
082 _a658.478
_bWHI-M
100 _aWhitman, Michael E.
245 0 _aManagement of Information Security
260 _bCengage Learning
_aBoston MA
_c2016
300 _axxii, 650p,
650 _aManagement Science
942 _cBK
999 _c31846
_d31846